| 000 | 00443 a2200169 4500 | ||
|---|---|---|---|
| 005 | 20131210114244.0 | ||
| 008 | 131210b xxu||||| |||| 00| 0 eng d | ||
| 020 | _a9788132106999 | ||
| 080 |
_a338.48-6:7/8 _bJAF |
||
| 100 | _aJafa, Navina | ||
| 245 |
_aPerformance heritage _bart of exhibit walks |
||
| 260 |
_bSage _c2012 _aLos Angeles |
||
| 300 | _axxix, 216p. | ||
| 653 | _aHeritage tourism | ||
| 653 | _aCultural tourism | ||
| 942 | _cBK | ||
| 999 |
_c76601 _d76600 |
||